Cachar district records: (Record no. 19071)

MARC details
000 -LEADER
fixed length control field 01457nam a2200301 a 4500
005 - DATE AND TIME OF LATEST TRANSACTION
control field 20080811105156.0
008 - FIXED-LENGTH DATA ELEMENTS--GENERAL INFORMATION
fixed length control field 070914s2007 ii b 001 0 eng
010 ## - LCCN (DPL NO)
LC control number ENG-91809-10
020 ## - INTERNATIONAL STANDARD BOOK NUMBER
Terms of availability 450.00 (set of vol. I & II)
035 ## - SYSTEM CONTROL NUMBER
System control number EN-75342-43
037 ## - SOURCE OF ACQUISITION
Source of stock number/acquisition DBAD / PUB
040 ## - CATALOGING SOURCE
Original cataloging agency dpl
Language of cataloging English
082 ## - DEWEY DECIMAL CLASSIFICATION NUMBER
Classification number 954.52
245 ## - TITLE STATEMENT
Title Cachar district records:
Statement of responsibility, etc compiled by D. Datta ; edited by Sunanda Datta.
Remainder of title letters subsequent to the annexation of Cachar, 1834-1853 /
260 ## - PUBLICATION, DISTRIBUTION, ETC. (IMPRINT)
Place of publication, distribution, etc Kolkata :
Name of publisher, distributor, etc The Asiatic Society,
Date of publication, distribution, etc 2007
270 ## - ADDRESS
Address 1 Park Street
City Kolkata
Postal code 700016
300 ## - PHYSICAL DESCRIPTION
Extent 2v. (xv, 238p.; 239-427p.)
Dimensions 24 cm (Hb)
520 ## - SUMMARY, ETC.
Summary, etc With reference to India.
546 ## - LANGUAGE NOTE
Language note Includes some passages in Bengali.
651 ## - SUBJECT ADDED ENTRY--GEOGRAPHIC NAME
Geographic name Cāchār (India)
General subdivision History
Form subdivision Sources
700 ## - ADDED ENTRY--PERSONAL NAME
Personal name Datta, Sunanda
700 ## - ADDED ENTRY--PERSONAL NAME
Personal name Datta, D.
Dates associated with a name 1918-1998.
Fuller form of name (Debabrata)
700 ## - ADDED ENTRY--PERSONAL NAME
Personal name Datta, Sunanda
710 ## - ADDED ENTRY--CORPORATE NAME
Corporate name or jurisdiction name as entry element Asiatic Society of Bengal.
942 ## - ADDED ENTRY ELEMENTS (KOHA)
Source of classification or shelving scheme Dewey Decimal Classification
Item type English Books
Call number suffix CAC
Classification part 954.52
Holdings
Withdrawn status Lost status Source of classification or shelving scheme Materials specified (bound volume or other part) Damaged status Not for loan Collection code Home library Current library Date acquired Source of acquisition Cost, normal purchase price Total Checkouts Full call number Barcode Date last seen Copy number Cost, replacement price Koha item type Public note
    Dewey Decimal Classification v.1-letter   Not For Loan Non-fiction D.B.Act.Division D.B.Act.Division 25/11/2008 DBAD / PUB 450.00   954.52 CAC EN-75342 25/11/2008 1 450.00 English Books v.1-letters subsequent to the annexation of cachar 1834-1853
    Dewey Decimal Classification v.2-letter   Not For Loan Non-fiction D.B.Act.Division D.B.Act.Division 25/11/2008 DBAD / PUB 450.00   CAC EN-75343 25/11/2008 1 450.00 English Books v.2-letters subsequent to the annexation of cachar 1853-1860

© Delhi Public Library
Hit Counter
free hit counter